ბათუმის შოთა რუსთაველის სახელმწიფო უნივერსიტეტის ბიბლიოთეკა

აღმოსავლური კულტურა : (ბიბ.ჩანაწერი № 60333)

000 -ლიდერი
ფიქსირებული სიგრძის საკონტროლო ველი 01002nam a22001937a 4500
003 - საკონტროლო ნომრის იდენტიფიკატორი
საკონტროლო ველი Ge_BSU
005 - ბოლო ოპერაციის თარიღი და დრო
საკონტროლო ველი 20230629162837.0
008 - ფიქსირებული სიგრძის მონაცემთა ელემენტები - ზოგადი ინფორმაცია
ფიქსირებული სიგრძის საკონტროლო ველი 230629s1980 ge ||||| |||| 00| 0 geo d
041 ## - ენის კოდი
Language code of text/sound track or separate title geo
080 ## - უნივერსალური ათობითი კლასიფიკაციის ინდექსი
Universal Decimal Classification number 008(-11) ა-94
245 ## - ცნობა სათაურის შესახებ
Title აღმოსავლური კულტურა :
Remainder of title (წერილები და გამოკვლევები) /
Statement of responsibility, etc გ. წერეთლის სახ. აღმოსავლეთმცოდნეობის ინ-ტი; [რედ. ვ. გაბაშვილი].
264 ## - წარმოების, გამოცემის, დისტრიბუციის და სხვა ცნობები
გამოცემის, წარმოების, დისტრიბუციის... ადგილი თბილისი :
გამოცემის, წარმოების, დისტრიბუციის... სახელწოდება მეცნიერება,
გამოცემის, წარმოების, დისტრიბუციის... თარიღი 1980.
300 ## - ფიზიკური აღწერა
Extent 150 გვ. ;
Other physical details 21 სმ.
520 ## - SUMMARY, ETC.
Summary, etc ყოველი სტატიის შემდეგ რეზ. რუს.
653 ## - INDEX TERM--UNCONTROLLED
Uncontrolled term აღმოსავლეთმცოდნეობა
653 ## - INDEX TERM--UNCONTROLLED
Uncontrolled term აღმოსავლური კულტურა
700 ## - ADDED ENTRY--PERSONAL NAME
Personal name გაბაშვილი, ვ.
Relator term რედაქტორი
9 (RLIN) 19078
942 ## - ADDED ENTRY ELEMENTS (KOHA)
Source of classification or shelving scheme
Koha item type წიგნი
ეგზემპლარები
ჩამოწერის სტატუსი დაკარგული ეგზემპლარის სტატუსი კლასიფიკაციის წყარო ან თაროზე გაწყობის სქემა დაზიანების სტატუსი არ გაიცემა მუდმივი მდებარეობა (დაცვის ადგილი) ამჟამინდელი ადგილსამყოფელი თაროზე განთავსების ადგილი შეძენის თარიღი ღირებულება, შესყიდვის ნორმალური ფასი სრული შენახვის შიფრი შტრიხკოდი ბოლო ოპერაციის თარიღი ეგზემპლარის მიმდევრობითი ნომერი (კეტერი?) Uniform Resource Identifier ფასის ძალაში შესვლის თარიღი ეგზემპლარის სახეობა საჯარო შენიშვნა
          ბათუმის შოთა რუსთაველის სახელმწიფო უნივერსიტეტის მთავარი ბიბლიოთეკა ბათუმის შოთა რუსთაველის სახელმწიფო უნივერსიტეტის მთავარი ბიბლიოთეკა წიგნსაცავი 2023-06-29 4.00 008(-11) ა-94 64867 2023-06-29 64867 ბსუ-ს საპატიო დოქტორის გურამ ლორთქიფანიძის საჩუქარი 2023-06-29 წიგნი 4 ლ.